000 01382cam a22003974a 4500
001 1775
003 FISKH
005 20230929082712.0
008 011218s2002 nyuab b 001 0beng
010 _a 2001008315
020 _a0516225227
040 _aDLC
_cDLC
_dDLC
_beng
042 _apcc
_alcac
043 _an-us---
050 0 0 _aTL540.E3
_bM333 2002
082 0 0 _a629.13/092
_221
100 1 _aMara, Wil.
245 1 0 _aAmelia Earhart /
_cby Wil Mara ; consultants, Nanci R. Vargus, Katherine A. Kane.
260 _aNew York :
_bScholastic,
_c2002.
300 _a31 pages :
_billustrations ; map ;
_c19 cm.
490 1 _aRookie biographies
505 _aQ
520 _aProvides an easy-to-read introduction to the life of Amelia Earhart.
521 8 _a670
_bLexile
521 8 _aQ
_bRaz-Plus
600 1 0 _aEarhart, Amelia,
_d1897-1937
_vJuvenile literature.
600 1 1 _aEarhart, Amelia,
_d1897-1937.
650 0 _aAir pilots
_zUnited States
_vBiography
_vJuvenile literature.
650 0 _aWomen air pilots
_zUnited States
_vBiography
_vJuvenile literature.
650 1 _aAir pilots.
650 1 _aWomen
_vBiography.
830 0 _aRookie biography.
906 _a7
_bcbc
_corignew
_d1
_eecip
_f20
_gy-gencatlg
942 _2ddc
_cBK
_n0
999 _c1775
_d1775